000 00448nam a2200157 i 4500
001 59817
003 ES-MaACL
005 20230906164113.0
007 t|
008 031031s1911 fr ||||1| fre d
100 1 _aEnlart, Camille.
_947249
245 1 3 _aLe musée de sculpture comparée du Trocadero /
_cCamille Enlart.
260 _a[S.l. :
_bs.n.,
_c1911] (
_eEvreux :
_fCh. Herissey)
300 _a172 p. ;
_c25 cm.
852 _aES-MaACL
_jF-6477
999 _c59817
_d59817